| 000 | 00990nas a2200301 4500 | ||
|---|---|---|---|
| 001 | BR9214227 | ||
| 003 | BR-BrBNA | ||
| 005 | 20231205093603.0 | ||
| 007 | ta | ||
| 008 | 230509b bl.|||p| |||| 00| 00por d | ||
| 040 |
_aBR-BrBNA _bpor _cBiblioteca Nacional de Agricultura |
||
| 041 | _a(Pt) | ||
| 072 | _aF61 | ||
| 100 | 1 | _aGalrao, E.Z. | |
| 100 | 1 | _aAndrade, R.P. de | |
| 100 | 1 | _aVilela, L. | |
| 245 | 1 | _aEfeito de micronutrientes, cobalto e enxofre no rendimento de materia seca do estilosantes em solo sob cerrado | |
| 246 | 1 | _aEffect of micronutrients, cobalt and sulphur on dry matter yield of stylosanthes in a cerrado soil | |
| 650 | _aStilosante | ||
| 650 | _aCobalto | ||
| 650 | _aEnxofre | ||
| 650 | _aCobertura Seca | ||
| 650 | _aRendimento | ||
| 650 | _aCerrado | ||
| 773 | 0 |
_tRevista Brasileira de Ciencia do Solo (Brazil) _xISSN 0100-0683 _g(Jan-Apr 1992), v. 16(1) p. 75-78 _wBR9214227 |
|
| 909 |
_a202311 _bLúcia _c55 _dLúcia Elande |
||
| 942 |
_2AGRIS _n0 _cANA |
||
| 999 |
_c139314 _d139314 |
||